000 00764nam a2200253Ia 4500
003 OSt
005 20220930071845.0
006 a|||||r|||| 00| 0
007 ta
008 220926b |||||||| |||| 00| 0 hin d
024 _a18306
037 _cTheses
040 _aCRL
_cCRL
_bhin
041 _2hin
_ahin
100 _aAwasthi Mrinalini
_9529108
110 _aUniversity of Delhi. Faculty of Arts. Department of Hindi
245 0 _aHindi mein aagat angrezi shabdon ka arthpark adhyayan
260 _c1987
650 _aHINDI LITERATURE
_923866
700 _a Dr. Sudha Kalra Gu.
_9529109
700 _aUniversity of Delhi. Faculty of Arts. Department of Hindi
942 _cDIS
_2CC
999 _c862952
_d862952